La basura: manual para el reciclamiento urbano
Sparad:
| Huvudupphovsmän: | , |
|---|---|
| Materialtyp: | Bok |
| Språk: | spanska |
| Publicerad: |
Ciudad de México
Trillas
1988
|
| Upplaga: | 1a. ed |
| Serie: | Grupo de estudios ambientales
|
| Ämnen: | |
| Taggar: |
Lägg till en tagg
Inga taggar, Lägg till första taggen!
|
MARC
| LEADER | 00000nam a2200000 a 4500 | ||
|---|---|---|---|
| 001 | UCH7307 | ||
| 003 | CL-VaPUC | ||
| 008 | 091109e19880000MX |||||||||||||||||spa|d | ||
| 020 | |a 96847327894 | ||
| 082 | 0 | 4 | |a 574.5 |b AGU |2 21 |
| 100 | 0 | |a Aguilar Rivero, Margarita |e author |9 543736 | |
| 700 | 0 | |a Salas Vidal, Héctor |e author |9 543737 | |
| 245 | 1 | 3 | |a La basura: manual para el reciclamiento urbano |
| 250 | |a 1a. ed | ||
| 300 | |a 64 p | ||
| 942 | |c BK | ||
| 945 | |d 20091109 00:00:00 |a ccalabra | ||
| 260 | |a Ciudad de México |b Trillas |c 1988 | ||
| 650 | 7 | |a RECICLADO |2 CL-VaPUC |9 543738 | |
| 650 | 7 | |a RECICLADO DE RESIDUOS |2 CL-VaPUC |9 362341 | |
| 650 | 7 | |a CONTAMINANTES |2 CL-VaPUC |9 259641 | |
| 650 | 0 | |a Ecosistemas |9 261477 | |
| 650 | 0 | |a Ecología |9 258124 | |
| 650 | 0 | |a Medio ambiente |9 257625 | |
| 650 | 0 | |a Ciencias naturales |9 260542 | |
| 650 | 0 | |a Educación ambiental |9 262920 | |
| 583 | |a last modification |c 20091109 00:00:00 |k Rodrigo Vera | ||
| 490 | 0 | |a Grupo de estudios ambientales | |
| 999 | |c 337962 |d 337960 | ||